Control of pink disease (Record no. 72620)
[ view plain ]
| 000 -LEADER | |
|---|---|
| fixed length control field | 00362nam a2200157Ia 4500 |
| 100 ## - MAIN ENTRY--AUTHOR NAME | |
| Personal name | Thankamma L. |
| 245 #0 - TITLE STATEMENT | |
| Title | Control of pink disease |
| 260 ## - PUBLICATION, DISTRIBUTION, ETC. (IMPRINT) | |
| Name of publisher | Rubber |
| Year of publication | 1994 |
| 300 ## - PHYSICAL DESCRIPTION | |
| Number of Pages | 8-May |
| 700 ## - ADDED ENTRY--PERSONAL NAME | |
| Personal name | George K.T. |
| 700 ## - ADDED ENTRY--PERSONAL NAME | |
| Personal name | Joseph A. |
| 700 ## - ADDED ENTRY--PERSONAL NAME | |
| Personal name | Marattukalam J.G. |
| 700 ## - ADDED ENTRY--PERSONAL NAME | |
| Personal name | Potty S.N. |
| 942 ## - ADDED ENTRY ELEMENTS (KOHA) | |
| Koha item type | Malayalam |
| Withdrawn status | Lost status | Damaged status | Not for loan | Home library | Current library | Date acquired | Serial Enumeration / chronology | Koha item type |
|---|---|---|---|---|---|---|---|---|
| Journals | RRII Library | RRII Library | 29/12/2021 | Volume 339, Issue | Malayalam |